[Event "ROU-chT Men Superliga 2018"]
[Site "Sovata"]
[Date "2018.11.28"]
[Round "5"]
[White "Banzea, Alexandru-Bogdan"]
[Black "Ileana, George"]
[Result "1/2-1/2"]
[WhiteElo "2313"]
[BlackElo "2318"]
[Annotator "RC"]
[PlyCount "54"]
[EventDate "2018.11.24"]
[EventType "team-tourn"]
[EventCountry "ROU"]
[SourceTitle "playchess.com"]
[Source "ChessBase"]
[SourceQuality "1"]
[TimeControl "40/5400+30:1800+30"]

1. e4 {[%emt 0:02:39]} c5 {[%emt 0:00:00]} 2. Nf3 {[%emt 0:00:12]} d6 {[%emt 0:00:00]} 3. d4 {[%emt 0:00:28]} cxd4 {[%emt 0:00:00]} 4. Nxd4 {[%emt 0:00:08]} Nf6 {[%emt 0:00:00]} 5. Nc3 {[%emt 0:00:12]} g6 {[%emt 0:00:00]} 6. Be3 {[%emt 0:00:09]} Bg7 {[%emt 0:00:00]} 7. f3 {[%emt 0:00:08]} Nc6 {[%emt 0:00:09]} 8. Qd2 {[%emt 0:00:08]} O-O {[%emt 0:00:06]} 9. Bc4 {[%emt 0:00:12]} Bd7 {[%emt 0:00:09]} 10. O-O-O {[%emt 0:00:10]} Rc8 {[%emt 0:00:05]} 11. Bb3 {[%emt 0:00:09]} Nxd4 {[%emt 0:00:09]} 12. Bxd4 {[%emt 0:00:08]} b5 {[%emt 0:00:02]} 13. Nd5 {[%emt 0:00:15]} Nxd5 {[%emt 0:00:13]} 14. Bxg7 {[%emt 0:00:25]} Kxg7 {[%emt 0:00:04]} 15. exd5 {[%emt 0:00:13]} a5 {[%emt 0:00:38]} 16. a3 {[%emt 0:00:15]} Kg8 {[%emt 0:00:14]} 17. h4 {[%emt 0:00:26]} b4 {[%emt 0:09:23]} 18. axb4 {[%emt 0:01:09]} axb4 {[%emt 0:00:03]} 19. h5 {[%emt 0:06:12]} Bf5 {[%emt 0:00:18]} 20. hxg6 {[%emt 0:01:02]} Bxg6 {[%emt 0:00:24]} 21. Qxb4 {[%emt 0:00:23]} Rb8 {[%emt 0:03:05]} 22. Qd4 {[%emt 0:11:06]} Qa5 {[%emt 0:01:18]} 23. Qa4 {[%emt 0:02:20]} Qc5 {[%emt 0:01:45]} 24. Qd4 {[%emt 0:01:01]} Qa5 {[%emt 0:01:21]} 25. Qa4 {[%emt 0:03:32]} Qb6 {[%emt 0:04:34]} 26. Qd4 {[%emt 0:01:15]} Qa5 {[%emt 0:04:24]} 27. Qa4 {[%emt 0:01:04]} Qc5 {[%emt 0:02:23]} 1/2-1/2

[Event "ROU-chT Men Superliga 2018"]
[Site "Sovata"]
[Date "2018.11.28"]
[Round "5"]
[White "Ognean, Mihnea-Ionut"]
[Black "Vasiesiu, Victor"]
[Result "1-0"]
[WhiteElo "2291"]
[BlackElo "2270"]
[Annotator "NA RC"]
[PlyCount "49"]
[EventDate "2018.11.24"]
[EventType "team-tourn"]
[EventCountry "ROU"]
[SourceTitle "playchess.com"]
[Source "ChessBase"]
[SourceQuality "1"]
[TimeControl "40/5400+30:1800+30"]

1. d4 {[%emt 0:00:00]} Nf6 {[%emt 0:00:00]} 2. c4 {[%emt 0:00:00]} c5 {[%emt 0:00:00]} 3. d5 {[%emt 0:00:00]} b5 {[%emt 0:00:00]} 4. cxb5 {[%emt 0:00:00]} a6 {[%emt 0:00:00]} 5. bxa6 {[%emt 0:00:00]} g6 {[%emt 0:00:00]} 6. Nc3 {[%emt 0:00:03] A58: Benko/Volga Gambit: Lines with 5 bxa6} Bg7 {[%emt 0:00:00]} 7. e4 {[%emt 0:00:41]} O-O {[%emt 0:00:02]} 8. Nf3 {[%emt 0:00:03]} Qa5 {[%emt 0:00:26]} 9. Bd2 {[%emt 0:00:56]} Bxa6 {[%emt 0:00:07]} 10. Be2 {[%emt 0:00:22]} Qb4 {[%emt 0:00:12]} 11. Bxa6 {[%emt 0:15:05]} Nxa6 {[%emt 0:00:55]} 12. Qe2 {[%emt 0:02:49]} Qxb2 {[%emt 0:04:20]} 13. O-O $146 {[%emt 0:02:25]} ({Predecessor:} 13. Rb1 Qa3 {½-½ (76) Khairullin,I (2647)-Yuffa,D (2504) Doha 2015}) 13... d6 {[%emt 0:07:19]} 14. Rab1 {[%emt 0:14:38]} Qa3 {[%emt 0:00:27]} 15. Rb3 {[%emt 0:01:48]} Qa5 {[%emt 0:00:14]} 16. Rfb1 {[%emt 0:07:01]} Rfb8 {[%emt 0:09:40]} 17. e5 {[%emt 0:11:56]} Rxb3 {[%emt 0:02:33]} 18. Rxb3 {[%emt 0:00:48]} dxe5 {[%emt 0:05:26]} 19. Nxe5 {[%emt 0:00:38]} Bf8 $2 {[%emt 0:15:06]} (19... Nb4 $11) 20. Rb7 {[%emt 0:06:08]} Nb4 {[%emt 0:08:34] [#]} 21. d6 $1 {[%emt 0:12:57]} exd6 {[%emt 0:03:04] [#]} 22. Qf3 $1 {[%emt 0:01:18]} Bg7 {[%emt 0:04:31]} 23. Ng4 {[%emt 0:02:53]} ({Weaker is} 23. Nxf7 Qa6 $16) 23... Qd8 {[%emt 0:06:38] [#]} 24. Bg5 $16 {[%emt 0:03:59]} (24. Ne4 $1 $18 {and the rest is easy.}) 24... Qe8 {[%emt 0:00:29]} 25. Re7 {[%emt 0:00:03]} 1-0

[Event "ROU-chT Men Superliga 2018"]
[Site "Sovata"]
[Date "2018.11.28"]
[Round "5"]
[White "Gheorghiu, Calin"]
[Black "Baklan, Vladimir"]
[Result "0-1"]
[WhiteElo "2278"]
[BlackElo "2605"]
[Annotator "TA"]
[PlyCount "90"]
[EventDate "2018.11.24"]
[EventType "team-tourn"]
[EventCountry "ROU"]
[SourceTitle "playchess.com"]
[Source "ChessBase"]
[SourceQuality "1"]

{[%evp 14,90,3,12,34,27,24,0,10,-22,-18,-32,-33,-90,-68,-120,-105,-107,-121,-114,-97,-220,-211,-223,-222,-187,-196,-226,-212,-256,-249,-229,-177,-169,-200,-180,-186,-254,-181,-204,-157,-171,-161,-152,-123,-126,-140,-341,-157,-169,-161,-188,-166,-165,-56,-224,-203,-253,-210,-263,-256,-566,-494,-532,-331,-956,-897,-1735,-1625,-2124,-1910,-1862,-1581,-29978,-29979,-29979,-29979,-29978,-29979]} 1. e4 c5 2. Nf3 Nc6 3. d4 cxd4 4. Nxd4 Nf6 5. Nc3 g6 6. Be3 Bg7 7. Bc4 O-O 8. Bb3 Re8 {B35: Sicilian: Accelerated Dragon with 5 Nc3: main line} 9. f3 e6 {[%cal Be7e6,Be6d5,Bd5d4][%mdl 32]} (9... d5 10. exd5 Nb4 11. Nde2 e6 12. Bd4 exd5 13. Qd2 Nc6 14. O-O-O Nxd4 15. Nxd4 Bd7 16. g4 {1-0 (33) Navara,D (2740)-Gelfand,B (2703) Batumi 2018}) 10. Qd2 (10. f4 {is more complex.} Ng4 11. Bg1 Bxd4 12. Bxd4 d5 13. Bg1) 10... d5 {The position is equal.} 11. exd5 (11. O-O-O {seems wilder.} Nxd4 12. Bxd4 e5 13. Bf2 d4 14. Ne2) 11... Nxd5 12. Nxc6 bxc6 13. Nxd5 $146 (13. Bd4 $15) ({Predecessor:} 13. Bg5 Qc7 14. O-O Nxc3 15. bxc3 Qa5 16. Rad1 Bxc3 {0-1 (32) Kolmychek,E (2013)-Timofeev,A (2563) Taganrog 2018}) 13... Bxb2 $17 14. Rb1 (14. Ne7+ $15 Qxe7 15. Rd1) 14... exd5 15. Rxb2 {Strongly threatening 0-0.} d4 $1 16. O-O Rxe3 (16... dxe3 $6 17. Qxd8 Rxd8 18. Re1 $11) 17. c3 {[#]} (17. Bc4 $17) 17... Ba6 $1 $19 {[%cal Ra6f1]} ({Much less strong is} 17... Rxc3 18. Rd1 $15) 18. Rfb1 c5 ({Not} 18... dxc3 19. Qxe3 cxb2 20. Rxb2 $17) ({Don't take} 18... Rxc3 19. Qf4) 19. cxd4 cxd4 20. Qb4 Qh4 21. Bd5 Rae8 {[#] ( -> ...Re1+)} 22. Be4 Bd3 23. g3 Qf6 24. Bxd3 Rxd3 25. f4 (25. Qa4 {was worth a try.} Re7 26. f4) 25... Qe6 26. Rf2 Qg4 27. Qa4 Ree3 {Hoping for ...Rxg3+!} 28. Qc6 Rd1+ 29. Rxd1 Qxd1+ $17 {[%mdl 4096] Endgame KQR-KQR} 30. Kg2 $2 (30. Rf1 $17 Qe2 31. f5) 30... Re1 (30... Re2 $19 {and Black stays clearly on top.} 31. f5 Rxf2+ 32. Kxf2 Qd2+ {[%mdl 64] Double Attack} 33. Kf1 Qd3+ 34. Kg2 Qe2+ 35. Kg1 Qe3+ 36. Kf1 d3 37. Qc8+ Kg7 38. Qc3+ Kh6) 31. Qf3 Qxf3+ 32. Kxf3 $19 {KR-KR} Re3+ 33. Kg2 f5 (33... Ra3 $19 34. Rd2 a5) 34. Rb2 $2 ({White has to play} 34. Rd2 $15) 34... Kf7 35. Kf2 Ke6 36. Rb7 Ra3 37. Rxh7 $2 (37. Ke2 {is a better chance.}) 37... Rxa2+ 38. Kf3 Kd5 39. Rh6 $2 (39. Rd7+ Kc4 40. Rc7+ Kb3 41. Rg7) 39... d3 {[%cal Bd4d3,Bd3d2][%mdl 32]} 40. Ke3 Kc4 41. Rxg6 Re2+ 42. Kf3 Rxh2 43. g4 fxg4+ {Black mates.} 44. Rxg4 d2 45. Rg1 Kd3 {Accuracy: White = 22%, Black = 63%.} 0-1

[Event "ROU-chT Men Superliga 2018"]
[Site "Sovata"]
[Date "2018.11.28"]
[Round "5"]
[White "Pop, Alexandru"]
[Black "Marin, Mihail"]
[Result "1/2-1/2"]
[WhiteElo "2274"]
[BlackElo "2555"]
[Annotator "TA"]
[PlyCount "170"]
[EventDate "2018.11.24"]
[EventType "team-tourn"]
[EventCountry "ROU"]
[SourceTitle "playchess.com"]
[Source "ChessBase"]
[SourceQuality "1"]

{[%evp 11,170,15,27,15,27,17,24,12,24,16,21,16,31,19,72,49,54,22,31,28,29,26,50,35,89,103,66,19,54,0,12,13,13,5,5,7,26,0,59,55,64,61,74,0,0,-8,-8,-8,-8,-8,-8,-8,-8,-33,-33,-33,-33,-33,0,-33,-33,-40,-40,-46,-33,-33,-9,-33,-9,-33,-9,-33,-9,-33,-28,-33,-33,-33,-33,-33,-33,-33,-33,-33,-33,-33,-33,-33,-33,-33,-33,-33,-33,-33,-33,-33,-33,-33,-33,-33,-19,-19,-19,-19,-19,-19,-19,-19,-19,-44,-44,-44,-44,-44,-44,-44,-44,-45,0,-19,-19,-19,-19,-19,-19,-19,-19,-19,0,0,0,-7,0,0,0,0,0,0,0,0,0,0,0,0,0,0,0,0,0,0,0,0,0,0,0,0,0,0,0,0,0]} 1. d4 e6 2. Nf3 Nf6 3. Bf4 b6 4. e3 Bb7 5. Bd3 d6 (5... c5 6. O-O Be7 7. c4 O-O 8. Nc3 cxd4 9. exd4 d5 10. cxd5 Nxd5 11. Bg3 Nd7 12. Rc1 N7f6 13. Re1 Nxc3 14. bxc3 {½-½ (61) Caruana,F (2802)-Hou,Y (2652) chess.com INT 2017}) 6. h3 {A47: 1 d4 Nf6 2 Nf3 b6: Torre, London and Colle Systems} g6 {LiveBook: 3 Games} 7. O-O Bg7 8. a4 $146 {White has an edge.} a6 9. Nbd2 O-O 10. c3 Nc6 11. Qc2 Qe7 12. Rfe1 Nd7 (12... h6 $11 {remains equal.}) 13. Bg5 Qe8 14. e4 e5 15. d5 Ne7 16. b4 {[%cal Bb2b4,Bb4b5][%mdl 32]} f6 17. Bh4 $1 c6 (17... a5 $14) 18. dxc6 Bxc6 19. c4 a5 20. b5 (20. c5 $5 dxc5 21. Qb3+ Kh8 22. b5 $14) 20... Bb7 21. Nb3 Rc8 22. Qe2 f5 23. Nfd2 Kh8 24. Rad1 Ng8 ({Black should try} 24... Bf6 $11 25. Bxf6+ Rxf6) 25. f3 $14 Bf6 26. Bf2 $1 f4 27. Nb1 ({Better is} 27. c5 $16 dxc5 28. Nc4) 27... Qe7 $11 28. Nc3 Nh6 {[%cal Bg8h6,Bh6f7,Bf7d6][%mdl 32]} 29. Rc1 Bh4 30. Red1 Bxf2+ 31. Qxf2 Nf7 32. Nd5 Bxd5 33. cxd5 Rxc1 34. Rxc1 Nc5 35. Nxc5 dxc5 36. Bc4 Nd6 37. Kf1 Kg7 38. Ke2 Kf7 39. Kd3 Ke8 40. Rh1 Kd8 41. Rh2 Kc7 42. Rh1 Rg8 {[%cal Bf8g8,Bg8g7,Bg7h7,Bh7h6][%mdl 32]} 43. Rh2 g5 44. Rh1 h5 45. Kc3 Rg7 46. Kd3 Rh7 47. Qe1 Qg7 48. Rh2 Rh6 49. Qh1 Qh8 50. Kc3 Kd8 {[%cal Bc7d8,Bd8e7,Be7f6,Bf6g6,Bg6g7][%mdl 32]} 51. Kd3 Ke7 52. Kc3 Kf6 53. Kd3 Kg6 54. Kc3 Kg7 55. Kb3 g4 (55... Kf7 {is interesting.} 56. Qa1 Qf6 57. Rh1 Rh8 58. Qc3 Qe7) 56. hxg4 hxg4 57. Rxh6 Qxh6 58. Qxh6+ Kxh6 {[%mdl 4096] Endgame KB-KN} 59. Kc3 ({Don't go for} 59. fxg4 $2 Nxe4 60. Bd3 Nd6 $19) 59... Kg5 60. Bd3 Kh4 61. fxg4 Kxg4 62. Be2+ $1 Kg3 63. Bf3 Kf2 64. Kd2 Kg3 (64... c4 $5) 65. Kc3 {The position is equal.} Kh4 66. Kd3 Kg5 67. Kc3 Kf6 68. Kd3 Ke7 69. Kc3 c4 70. Kd2 Nb7 71. Bd1 $1 Kd6 72. Kc3 Kc5 73. Be2 Nd6 74. Bf3 Ne8 {[#] And now ...Nd6 would win.} 75. Be2 Nf6 76. Bf3 Kd6 77. Kxc4 Ke7 78. Kc3 $1 Kd7 79. Kc2 Kd6 80. Kd2 Kc5 {White must now prevent ...Kb4.} 81. Kc3 Ne8 82. Be2 Nd6 83. Bd3 Nf7 84. Be2 Nd6 85. Bd3 Nf7 {Precision: White = 65%, Black = 63%.} 1/2-1/2

[Event "ROU-chT Men Superliga 2018"]
[Site "Sovata"]
[Date "2018.11.28"]
[Round "5"]
[White "Patrascu, Catalin-Lucian"]
[Black "Vajda, Levente"]
[Result "1-0"]
[WhiteElo "2268"]
[BlackElo "2547"]
[Annotator "TA"]
[PlyCount "107"]
[EventDate "2018.11.24"]
[EventType "team-tourn"]
[EventCountry "ROU"]
[SourceTitle "playchess.com"]
[Source "ChessBase"]
[SourceQuality "1"]

{[%evp 18,107,7,14,33,38,39,33,56,22,108,58,60,53,65,62,66,62,62,22,65,34,68,79,71,57,55,51,52,1,29,0,10,-93,-86,-171,0,-81,0,0,0,0,23,0,543,540,664,664,664,664,809,760,686,589,686,686,792,791,755,764,795,794,794,776,749,664,887,902,858,794,806,791,791,791,783,783,769,757,752,664,29972,29969,7120,613,29979,29980,6202,616,1321,1139,29969,338]} 1. e4 e5 2. Nf3 Nc6 3. Bb5 a6 4. Ba4 Nf6 5. O-O Be7 6. d3 b5 7. Bb3 d6 8. a3 O-O 9. Nc3 Bg4 10. Be3 Qd7 {C84: Closed Ruy Lopez: Unusual White 6th moves} (10... Nd4 11. Bxd4 exd4 12. Nd5 Nxd5 13. Bxd5 Rc8 14. a4 c6 15. Bb3 d5 16. h3 Bh5 17. axb5 axb5 18. exd5 {1-0 (47) Karjakin,S (2782)-Aronian,L (2764) Paris 2018}) 11. h3 Bh5 12. Nd5 Kh8 {White is slightly better.} 13. a4 $146 ({Predecessor:} 13. c3 Na5 14. Ba2 Nxd5 15. Bxd5 c6 16. Ba2 f5 17. Kh2 fxe4 18. dxe4 Bxf3 19. gxf3 {½-½ (48) Roberson,P (2408)-Netzer,J (2318) London 2015}) 13... Rae8 (13... Na5 $11) 14. c3 Bd8 15. axb5 axb5 16. Nxf6 Bxf6 17. g4 Bg6 $1 18. Qe2 Nd8 {[%cal Bc6d8,Bd8e6,Be6c5][%mdl 32]} 19. Ra7 Qc8 20. Rfa1 Ne6 21. R1a6 c6 $1 22. Qd1 h6 23. Qa1 (23. Bxe6 $14 Rxe6 24. Qa1) 23... Nc5 $1 $11 {[%cal Rc5b3]} 24. Bxc5 $1 dxc5 25. Qa2 (25. c4 $11 {keeps the balance.}) 25... c4 $17 26. dxc4 (26. Bc2 $17) 26... b4 $2 (26... Bxe4 $19 27. Nd2 Bd3 28. cxb5 Qd8) 27. c5 (27. Ba4 $11 {remains equal.} bxc3 28. Qb1 (28. Bxc6 $2 c2 $19) (28. bxc3 Re7 $11) (28. Rxc6 Qb8 $11 {[%mdl 64] Double Attack})) 27... bxc3 (27... Bxe4 $17 28. Nd2 Bd3) 28. bxc3 $11 Bxe4 29. Nd2 {[%cal Bf3d2,Bd2c4,Bc4d6][%mdl 32]} Bg6 30. Nc4 $36 {[%mdl 2048] Hoping for Nd6. White fights for an advantage.} Bd3 $2 {[%mdl 8192]} (30... Qd8 $1 $11) 31. Nd6 $18 {[%mdl 64] [#] Double Attack} Bxa6 32. Nxc8 Bxc8 33. Rxf7 e4 34. Rxf8+ Rxf8 35. Be6 Bxe6 36. Qxe6 {[%mdl 4160] [#] Endgame Double Attack. KQ-KRB} Bh4 37. Qxc6 Bxf2+ 38. Kg2 e3 39. Qe6 e2 40. Qxe2 Bxc5 41. Qe5 Rc8 42. Qf5 Rc7 43. c4 {[%cal Bc3c4,Bc4c5,Bc5c6][%mdl 32]} Ba7 44. Qf8+ Kh7 45. Qd6 Rb7 46. c5 Rb2+ 47. Kf1 Rb1+ 48. Ke2 Rc1 49. c6 Bb6 50. Kd2 (50. Qd3+ $142 Kh8 51. Qa6) 50... Rh1 51. Qd3+ Kh8 52. Qf3 (52. Qa6 $142 Rh2+ 53. Kc3 Rxh3+ 54. Kc4) 52... Rh2+ 53. Kd3 Bc7 54. Qf8+ {Accuracy: White = 51%, Black = 31%.} 1-0

[Event "ROU-chT Men Superliga 2018"]
[Site "Sovata"]
[Date "2018.11.28"]
[Round "5"]
[White "Scripcaru, George-Daniel"]
[Black "Casangiu, Paul-Horatiu"]
[Result "1-0"]
[WhiteElo "2176"]
[BlackElo "2027"]
[Annotator "TA"]
[PlyCount "83"]
[EventDate "2018.11.24"]
[EventType "team-tourn"]
[EventCountry "ROU"]
[SourceTitle "playchess.com"]
[Source "ChessBase"]
[SourceQuality "1"]

{[%evp 16,83,29,22,23,29,24,26,22,0,0,0,0,0,25,20,16,0,0,0,72,0,29,-4,-7,0,59,23,34,40,212,207,216,222,212,204,356,368,360,297,299,293,29988,29989,29993,29994,29994,642,606,606,606,515,515,515,515,515,1456,1449,1448,1409,1371,1303,1364,1314,1291,1292,1213,1184,1212,1159]} 1. d4 d5 2. c4 e6 3. Nc3 Nf6 4. cxd5 exd5 5. Bg5 Be7 6. e3 c6 7. Qc2 O-O 8. Bd3 h6 9. Bh4 Nh5 {D36: Queen's Gambit Declined: Exchange Variation: Main line (5 Bg5 c6 6 Qc2)} (9... Re8 10. Nge2 Nh5 11. Bxe7 Qxe7 12. h3 a5 13. a3 Nd7 14. Na4 Qh4 15. g3 Qd8 16. g4 Nhf6 17. Ng3 Nf8 18. O-O-O {1-0 (67) Caruana,F (2799)-Kramnik,V (2803) Douglas 2017}) 10. Bxe7 Qxe7 11. Nge2 Nd7 {White has an edge.} 12. O-O-O b5 13. g4 Nhf6 14. Rdg1 $146 ({Predecessor:} 14. Rhg1 Nb6 15. Rg2 b4 16. Nb1 Ne4 17. Bxe4 Qxe4 18. Qxe4 dxe4 {1-0 (52) Hochstein,U (1969)-Riek,W (1770) Ruhrgebiet 2004}) 14... b4 15. Na4 Nb6 16. g5 ({Don't go for} 16. Qxc6 $2 Bd7 $19) 16... hxg5 {[%cal Bh6g5,Bg5g4][%mdl 32]} 17. Nc5 $36 {[%mdl 2048] White is pushing.} Nfd7 (17... Nbd7 $11 {remains equal.}) 18. h4 {aiming for Bh7+.} g4 $1 19. h5 Nxc5 20. dxc5 {h6 is the strong threat.} Nd7 (20... Nc4 $11) 21. h6 {Threatens to win with Bh7+.} g6 {[#]} 22. Bxg6 $1 {[%mdl 512]} Qxc5 $2 ({Black should play} 22... Ne5 $14 23. Bf5 (23. Bh7+ Kh8 $14) 23... Bxf5 24. Qxf5 Kh8) (22... fxg6 23. Qxg6+) 23. Bh7+ $18 Kh8 {White must now prevent ...f5.} 24. Rxg4 Qxc2+ 25. Bxc2 a5 $2 (25... Nf6 26. Rxb4 Be6) 26. Rg7 {Intending Rh7+ and mate.} Nf6 27. Rhg1 a4 28. Nf4 {White threatens Nh5! and mate.} b3 $2 {[#]} (28... Bg4 $18 29. R7xg4 Nxg4) 29. Nh5 $1 bxc2 30. Nxf6 {[%csl Gf6][%cal Rg7h7]} Bf5 31. h7 (31. R1g5 $142 Bd3 32. f4 a3 33. b3 Rfd8 34. f5 Bxf5 35. Rxf5 Rf8 36. Rh7#) 31... Bg6 {White is clearly winning.} 32. Rg8+ Rxg8 33. hxg8=Q+ Rxg8 34. Nxg8 Kxg8 {[%mdl 4096] Endgame KR-KB} 35. Rg4 a3 (35... Kf8 $142 36. Rxa4 Ke7 37. Ra7+ Kd8) 36. bxa3 Kf8 37. a4 {[%cal Ba3a4,Ba4a5][%mdl 32]} Ke7 38. a5 Bd3 39. Rd4 Ba6 40. Kxc2 Kd6 41. Rf4 Ke6 42. Rb4 {Accuracy: White = 68%, Black = 57%.} 1-0

[Event "ROU-chT Men Superliga 2018"]
[Site "Sovata"]
[Date "2018.11.28"]
[Round "5"]
[White "Popescu, Daniel-Vasilica"]
[Black "Mateuta, Gabriel"]
[Result "0-1"]
[WhiteElo "2131"]
[BlackElo "2507"]
[Annotator "TA"]
[PlyCount "50"]
[EventDate "2018.11.24"]
[EventType "team-tourn"]
[EventCountry "ROU"]
[SourceTitle "playchess.com"]
[Source "ChessBase"]
[SourceQuality "1"]

{[%evp 12,50,16,-12,20,-4,-3,-76,-68,-83,-83,-105,-97,-97,-94,-140,-117,-161,-160,-158,-151,-139,-146,-149,-161,-267,-264,-457,-446,-485,-414,-723,-721,-789,-782,-1577,-1552,-29989,-29990,-29994,-29986]} 1. e4 {[%cal Be2e4,Be4e5][%mdl 32]} c6 2. d4 d5 3. e5 Bf5 4. Nc3 e6 5. g4 Bg6 6. Nge2 Be7 7. Nf4 {LiveBook: 7 Games} Nh6 {B12: Caro-Kann: Advance Variation} (7... Nd7 8. Be3 Bg5 9. Nxg6 hxg6 10. Qd2 Bxe3 11. Qxe3 Qa5 12. O-O-O b5 13. Kb1 Nb6 14. h4 Ne7 15. Rh3 {1-0 (44) Degraeve,J (2540)-Epishin,V (2655) Koszalin 1999}) 8. Be3 O-O $146 ({Predecessor:} 8... Nd7 9. Be2 a6 10. Qd2 c5 11. O-O-O Rc8 12. Nxg6 hxg6 13. f4 c4 14. Kb1 b5 15. Rdf1 {½-½ (42) Podkriznik,G (2290)-Bodner,A (2085) Finkenstein 1994}) 9. Be2 {[#]} (9. Qe2 $11) 9... c5 $1 $17 {Black is better.} 10. Nxg6 fxg6 11. Nb5 a6 12. Nd6 cxd4 13. Bxd4 Nc6 14. Nxb7 Qc7 15. Nd6 Nxd4 16. Qxd4 Qxc2 17. Bd1 Qc7 18. f4 (18. O-O {was necessary.}) 18... Nf7 $19 19. Nxf7 $2 (19. O-O {was worth a try.}) 19... Rxf7 ({Not} 19... Kxf7 20. a3 $17) 20. Bb3 Raf8 21. Rf1 {[#]} (21. Qc3 $142 Bh4+ 22. Ke2) 21... Bg5 $1 {[%mdl 512]} 22. Qc3 (22. fxg5 Rxf1+) 22... Qb6 23. f5 gxf5 24. gxf5 Rxf5 25. Ke2 Qb5+ {Accuracy: White = 26%, Black = 74%.} 0-1

[Event "ROU-chT Men Superliga 2018"]
[Site "Sovata"]
[Date "2018.11.28"]
[Round "5"]
[White "Ciorica, Mihai-Vlad"]
[Black "Toma, Radu-Cristian"]
[Result "0-1"]
[WhiteElo "2097"]
[BlackElo "2354"]
[Annotator "TA"]
[PlyCount "94"]
[EventDate "2018.11.24"]
[EventType "team-tourn"]
[EventCountry "ROU"]
[SourceTitle "playchess.com"]
[Source "ChessBase"]
[SourceQuality "1"]

{[%evp 18,94,18,10,13,15,11,0,14,14,0,0,12,0,0,0,145,145,231,185,185,164,158,154,172,161,174,177,185,178,175,178,176,179,241,149,137,104,100,-89,-89,-94,-94,-68,-105,-91,-39,-83,-97,-139,-137,-448,-139,-716,-700,-710,-431,-394,-293,-279,-271,-426,-416,-540,-544,-525,-535,-681,-681,-629,-604,-810,-802,-735,-709,-29974,-29975,-29967,-5218]} 1. d4 {[%cal Bd2d4,Bd4d5][%mdl 32]} Nf6 2. c4 e6 3. Nc3 Bb4 4. f3 c5 5. d5 O-O 6. e4 Re8 {E20: Nimzo-Indian: 4 g3 and 4 f3} (6... b5 7. e5 Ne8 8. f4 exd5 9. cxd5 d6 10. Nf3 Nc7 11. a4 Bb7 12. Bd3 h6 13. O-O c4 14. Bb1 dxe5 15. fxe5 Nxd5 16. Nxb5 {1-0 (36) Mamedyarov,S (2799)-Le,Q (2737) Huaian 2017}) 7. Bd2 d6 8. Nge2 exd5 9. cxd5 Nbd7 10. Ng3 {LiveBook: 7 Games} a6 11. Be2 Ne5 12. a3 $146 ({Predecessor:} 12. O-O Bd7 13. a4 h6 14. Kh1 Rc8 15. Qc2 {½-½ (62) Cruzado Duenas,C (2601)-Zautzig,H (2556) ICCF email 2014}) 12... Ba5 $1 13. O-O b5 14. Be3 Rb8 15. Qd2 Bd7 16. Rfb1 Qc7 (16... c4 $11 {remains equal.}) 17. Bg5 $1 $16 {[%cal Rg5f6] Threatens to win with Bxf6.} b4 (17... Qd8 $16) 18. Bxf6 $1 $18 bxc3 (18... gxf6 $2 19. Qh6 $18) 19. Qg5 {[%csl Gf6][%cal Rg5g7]} Ng6 {[#]} 20. Nh5 $1 (20. Bxc3 c4 $16) 20... cxb2 21. Nxg7 bxa1=Q (21... bxa1=R 22. Rxa1 Qd8 23. Nh5 $16 (23. Bxd8 Bxd8 24. Qg3 Kxg7 $15)) 22. Rxa1 Qd8 {[#]} 23. Nh5 $1 {Qh6 would kill now.} (23. Bxd8 Bxd8 24. Qg3 (24. Qh6 $2 Bf6 $19 {[%mdl 64] Double Attack}) 24... Kxg7 $15) 23... Re5 24. Bxd8 Rxg5 25. Bxg5 {aiming for Nf6+.} Ne5 (25... Nf8 $142 26. Nf6+ (26. Bxa6 Bc3 $18) 26... Kg7 27. Nxd7 Nxd7 28. Bxa6 Bc3) 26. f4 ({Don't play} 26. Bxa6 $6 Ba4) 26... Bc3 27. Nf6+ Kg7 28. fxe5 $2 (28. Rc1 $16 {stays on course.} Nf3+ 29. gxf3 (29. Bxf3 Bxf6 30. Bxf6+ Kxf6 $14) 29... Bxf6 30. Bxf6+ (30. Bxa6 Bd4+ 31. Kh1 f6 $11) 30... Kxf6 31. Bxa6) 28... Bxa1 $17 29. Nxd7 Bd4+ 30. Kf1 Rb1+ 31. Bd1 Rxd1+ {[%mdl 4096] Endgame KRB-KBN} 32. Ke2 Rg1 33. Bf6+ Kg6 {White must now prevent ...c4.} 34. Kf3 $2 {[%mdl 8192]} (34. g3 $17 c4 35. exd6 Bxf6 36. Nxf6) 34... Rf1+ $2 (34... c4 $19 35. exd6 Rf1+ 36. Ke2 Rxf6 37. Nxf6 Kxf6) 35. Kg4 $2 {[%mdl 8192]} (35. Ke2 $17 Rf2+ 36. Kd3) 35... h5+ $19 36. Kg3 dxe5 37. Bxe5 Bxe5+ 38. Nxe5+ {KR-KN} Kg7 39. d6 (39. Nc4 {is a better defense.}) 39... Rd1 40. d7 Kf6 41. Kf4 Ke6 42. h4 f6 43. Nc4 Rxd7 44. Ne3 Rd3 45. a4 Ra3 46. g4 {[#]} Rxe3 $1 {[%mdl 576] Remove Defender} 47. Kxe3 hxg4 {Accuracy: White = 41%, Black = 63%.} 0-1